Представление документа в формате RUSMARC

ПолеНазваниеЗначение
  Тип записи a
  Библиографический уровень m
001 Контрольный номер RU\NLR\BIBL_A\011509393
005 Дата корректировки 20181008155530.2
010 Индекс ISBN __
a ISBN 978-5-7645-0631-9
d Цена 150-00
021 № государственной регистрации __
a Код страны RU
b № документа 2017-74169
035 Другие системные номера __
a Идентификатор записи (RuMoRGB)009407978
100 Данные общей обработки __
a Данные общей обработки 20171030d2017 u y0rusa0189 ca
101 Язык документа 0_
a Язык текста rus
102 Страна публикации __
a Страна публикации RU
105 Кодированные данные (монография) __
a Кодированные данные (монография) a|||j|||000zy
200 Заглавие и сведения об ответственности 1_
a Заглавие Библиотерапия
e Сведения, относящиеся к заглавию учебно-методическое пособие
f Первые сведения об ответственности Ю. Н. Дрешер
205 Сведения об издании __
a Основные сведения об издании 4-е изд.
210 Выходные данные 1_
a Место издания Казань
c Издательство Медицина
d Дата издания 2017
215 Физическое описание __
a Объем 80, [2] с.
c Иллюстрации/тип воспроизводства ил., табл.
320 Библиография __
a Библиография Библиогр.: с. 60-63 (65 назв.)
330 Аннотация __
a Аннотация Дано современное понятие библиотерапии, рассмотрены её цели, задачи, формы, виды и основные методы. В учебно-методическом пособии содержатся практические рекомендации по работе с различными категориями пациентов-читателей применительно к разным ситуациям. Приведён список литературы, используемой в библиотерапевтических целях. Учебно-методическое пособие адресовано студентам вузов, слушателям курсов повышения квалификации, библиотекарям-практикам.
606 Тематические рубрики 1_
a Основная рубрика Библиотечное дело
j Формальный подзаголовок Учебные издания для высших учебных заведений
2 Код системы nlr_sh
3 Контрольный № нормативной записи RU\NLR\AUTH\66139637
606 Тематические рубрики __
a Основная рубрика Обслуживание пользователей
610 Ключевые слова 0_
a Ключевые слова библиотекотерапия
686 Индексы других классификаций __
a Индекс ББК 78.374
v Номер издания LBC/SL
2 Код системы rubbk
686 Индексы других классификаций __
a Индекс ББК 53.57
700 Автор _1
a Фамилия Дрешер
b Имя Ю. Н.
f Даты 1953-
g Полное личное имя Юлия Николаевна
3 Контрольный № нормативной записи RU\NLR\AUTH\7713119
801 Источник записи _0
a Страна RU
b Организация NLR
c Дата составления 20171030
g Правила каталогизации RCR
801 Источник записи _1
a Страна RU
b Организация NLR
c Дата составления 20171030
2 Код формата rusmarc
801 Источник записи _2
a Страна RU
b Организация NLR
c Дата составления 20180115
2 Код формата rusmarc
801 Источник записи _2
a Страна RU
b Организация Центральная районная библиотека им. Г. А. Пирожникова
c Дата составления 20181008
852 Данные о местонахождении __
j Шифр хранения 78.374
i Авторский знак Д 738
901 Тип документа __
t Тип документа m
902 Роль лиц __
b Редактор БЗ ОКиОЛ/Струналь